000 01075cam a22002174a 4500
005 20250605164043.0
008 250528s ||||||||||||||||||||||||d
035 _a17053
020 _a521484707
040 _aGR-AtMCL
_bgre
_dGR-AtMCL
_eAACR2
245 1 _aWorld Cities in a World-System
250 _a1st
260 _bCambridge University Press,
_c1995
300 _a340
520 _aThe writers in this book examine the nature of world cities, and their demands as special places in need of specific urban policies. Preface, Introduction: World City and Hypothesis and Context, World Cities in a World System, On Concentration and Centrality in the Global City, Cities in Systems, Transport and the World City Paradigm, Global Logics in the Caribbean City System: The Case of Miami, Politics and Policy in World Cities: Theory and Practice, Theorizing the Global-Local Connection, The Environmental Problematic in World Cities, Index.
700 1 _aKnox Paul X
_93180
700 1 _aTaylor Peter J
_93181
942 _cBK
999 _c2493
_d2493